000 01808cad a22003135a 4500
001 L145388
002 17451
008 081002s2008 xxkadeof 001 0 eng d
020 _a9781444302356
035 _a(Sirsi) u145388
041 0 _aeng
050 0 4 _a720.2856
245 0 0 _aVirtual futures for design construction and procurement
_h[electronic resource]
260 _aOxford
_bBlackwell Publishing
_c2008
300 _aeBook
350 _a75.00
505 2 _aIntroduction -- Part 1: Design, engineering and manufacturing challenges -- Part 2: Challenges for implementation: from virtual through to construction -- Part 3: Challenges for visualization and simulation -- Part 4: Challenges for information and knowledge modelling -- Part 5: Other challenges: agent technologies, security, regulations and mangement control -- Part 6: Visions, roadmaps and future scenarios
520 _aPresents a complete and updated overview of virtual prototypes. Develops the future of information and communication technologies for the construction industry. Explains that in architecture and construction, three dimensional, computer-aided design systems help in the design process. Show that the advantages of virtual prototypes of buildings include the fact that they can be used for design documentation, are easy to change, and allow virtual experiments. Contains a case study and diagrams.
521 _aAdvanced
590 _aKA
650 2 4 _aEBOOK
651 4 _aUnited Kingdom
_h1973-
690 _aBUILT ENVIRONMENT-CONSTRUCTION MANAGEMENT
690 _aMANAGEMENT-BUSINESS MANAGEMENT-INFORMATION MANAGEMENT
700 1 _aBrandon, Peter
700 1 _aKocaturk, Tuba
856 4 8 _uhttps://www.vlebooks.com/
_zView on VLEbooks. Logins for members only from [email protected]
942 _n0
999 _c108781
_d108781